|
|
|
|
| LEADER |
00000nam0a2200000 4500 |
| 001 |
26587 |
| 005 |
20231030201703.0 |
| 010 |
|
|
|a 5797502526
|
| 035 |
|
|
|a (RuTPU)RU\TPU\book\26831
|
| 035 |
|
|
|a BOOK00026906
|
| 090 |
|
|
|a 26587
|
| 100 |
|
|
|a 20011209d2001 m y0rusy50 ca
|
| 101 |
0 |
|
|a rus
|
| 102 |
|
|
|a RU
|
| 105 |
|
|
|a y j 000zy
|
| 200 |
1 |
|
|a История экономических учений
|e учебное пособие
|f С. А. Бартенев
|
| 210 |
|
|
|a Москва
|c Юристъ
|d 2001
|
| 215 |
|
|
|a 456 с.
|
| 225 |
1 |
|
|a Homo faber
|
| 451 |
|
1 |
|0 (RuTPU)RU\TPU\book\138107
|y 978-5-9776-0001-9
|t История экономических учений
|o учебник
|f С. А. Бартенев
|g Всероссийская академия внешней торговли (ВАВТ)
|e 2-е изд., перераб. и доп.
|c М.
|n Магистр
|d 2007
|p 478 с.
|a Бартенев, Сергей Александрович
|
| 451 |
|
1 |
|0 (RuTPU)RU\TPU\book\22907
|y 5-7975-0252-6
|t История экономических учений
|o учебник
|f С. А. Бартенев
|c М.
|n Юристъ
|d 2000
|p 456 с.
|a Бартенев, Сергей Александрович
|
| 610 |
1 |
|
|a экономика
|
| 610 |
1 |
|
|a экономические учения
|
| 610 |
1 |
|
|a история
|
| 610 |
1 |
|
|a экономическая мысль
|
| 610 |
1 |
|
|a древний мир
|
| 610 |
1 |
|
|a античность
|
| 610 |
1 |
|
|a Россия
|
| 610 |
1 |
|
|a экономические школы
|
| 610 |
1 |
|
|a меркантилизм
|
| 610 |
1 |
|
|a физиократия
|
| 610 |
1 |
|
|a английская классическая школа
|
| 610 |
1 |
|
|a историческая школа
|
| 610 |
1 |
|
|a социалисты-утописты
|
| 610 |
1 |
|
|a марксизм
|
| 610 |
1 |
|
|a неоклассическая школа
|
| 610 |
1 |
|
|a 19 век
|
| 610 |
1 |
|
|a 20 век
|
| 610 |
1 |
|
|a монетаризм
|
| 610 |
1 |
|
|a институцианизм
|
| 610 |
1 |
|
|a дискуссии экономические
|
| 610 |
1 |
|
|a учебные пособия
|
| 686 |
|
|
|a У02(0)я73
|v LBC/SL-A
|2 rubbk
|
| 700 |
|
1 |
|a Бартенев
|b С. А.
|g Сергей Александрович
|
| 801 |
|
0 |
|a RU
|b 63413507
|c 20011209
|g PSBO
|
| 801 |
|
2 |
|a RU
|b 63413507
|c 20130821
|g PSBO
|
| 942 |
|
|
|c BK
|